| 000 | 00947nam a22002297a 4500 | ||
|---|---|---|---|
| 005 | 20250804111212.0 | ||
| 008 | 250804b |||||||| |||| 00| 0 eng d | ||
| 020 | _a978-81-906799-4-7 (hbk) | ||
| 037 | _cTB | ||
| 040 |
_aCRL _cCRL |
||
| 041 |
_2hin _ahin |
||
| 084 |
_aO152,1NJAx Q0 _qCRL |
||
| 245 | _aभटकता ध्रुवतारा | ||
| 260 |
_aदेहारादून, भारत: _bसरस्वती प्रकाशन, _c2010. |
||
| 300 | _a92पृ. | ||
| 365 |
_b100.00 _cINR |
||
| 650 | _aहिन्दी साहित्य | ||
| 650 | _aहिन्दी कविता | ||
| 700 |
_aसिंह, आनन्द सुमन _bसंपादक _9817137 |
||
| 942 |
_2CC _cTB _hO152,1NJAx Q0 _n0 |
||
| 999 |
_c1434493 _d1434493 |
||